000 00637cam a22002053a 4500
001 40799
003 PGUSA
005 20140828083918.0
008 120919s2012||||xxu|||||s|||||000 | eng d
040 _aPGUSA
_beng
042 _adc
100 1 _aWomen, An Anti-Slavery Convention of American
245 1 3 _aAn Address to Free Coloured Americans
_h[electronic resource] /
_cAn Anti-Slavery Convention of American Women
260 _bProject Gutenberg,
_c2012
506 _aPublic domain in the USA.
516 _aElectronic text
830 0 _aProject Gutenberg
_v40799
856 4 0 _uhttp://www.gutenberg.org/ebooks/40799
942 _cEB
999 _c270051
_d270051